Tìm hiểu một số chỉ tiêu sinh lý và tốc độ tăng trưởng của cá đối (Liza subviridis) ở nồng độ muối thấp giai đoạn hương lên giống : Báo cáo tổng kết đề tài khoa học và công nghệ cấp Trường

Nội dung đề tài tìm hiểu tỉ lệ sống và tăng trưởng của cá đối giai đoạn hương lên cá giống ở những độ mặn

Bewaard in:
Bibliografische gegevens
Hoofdauteur: Nguyễn, Hương Thùy
Formaat: Boek
Taal:Undetermined
Gepubliceerd in: Cần Thơ Trường Đại học Cần Thơ 2007
Onderwerpen:
Tags: Voeg label toe
Geen labels, Wees de eerste die dit record labelt!
Thư viện lưu trữ: Trung tâm Học liệu Trường Đại học Cần Thơ
LEADER 01078nam a2200205Ia 4500
001 CTU_204888
008 210402s9999 xx 000 0 und d
082 |a 639.32 
082 |b Th523 
100 |a Nguyễn, Hương Thùy 
245 0 |a Tìm hiểu một số chỉ tiêu sinh lý và tốc độ tăng trưởng của cá đối (Liza subviridis) ở nồng độ muối thấp giai đoạn hương lên giống : 
245 0 |b Báo cáo tổng kết đề tài khoa học và công nghệ cấp Trường 
245 0 |c Nguyễn Hương Thùy (Chủ nhiệm đề tài) 
260 |a Cần Thơ 
260 |b Trường Đại học Cần Thơ 
260 |c 2007 
520 |a Nội dung đề tài tìm hiểu tỉ lệ sống và tăng trưởng của cá đối giai đoạn hương lên cá giống ở những độ mặn 
650 |a Salt fishes,Cá nước mặn 
904 |i Tuyến 
980 |a Trung tâm Học liệu Trường Đại học Cần Thơ